[Event "17MCR_F"]
[Site "?"]
[Date "2005.??.??"]
[Round "?"]
[White "Pravec, Ladislav"]
[Black "Lounek, Jan"]
[Result "1/2-1/2"]
[WhiteElo "2381"]
[BlackElo "2380"]
[PlyCount "44"]
[EventDate "2005.??.??"]
[EventType "corr"]
[SourceDate "2005.03.19"]

1. d4 Nf6 2. c4 e6 3. Nf3 d5 4. Nc3 Be7 5. Bf4 O-O 6. e3 Nbd7 7. Qc2 c5 8. cxd5
cxd4 9. exd4 Nxd5 10. Nxd5 exd5 11. Be2 Bb4+ 12. Bd2 Bxd2+ 13. Qxd2 Nf6 14. O-O
Bg4 15. Rfe1 Qb6 16. Ne5 Ne4 17. Qe3 Bxe2 18. Rxe2 Rfe8 19. Rae1 Re6 20. Qf4
Rf6 21. Qe3 Re6 22. Qf4 Rf6 1/2-1/2

[Event "17MCR_F"]
[Site "?"]
[Date "2005.??.??"]
[Round "?"]
[White "Priesol, Daniel"]
[Black "Svoboda, Frantisek"]
[Result "1/2-1/2"]
[WhiteElo "2318"]
[BlackElo "2391"]
[PlyCount "31"]
[EventDate "2005.??.??"]
[EventType "corr"]
[SourceDate "2005.03.19"]

1. e4 e6 2. d4 d5 3. Nc3 Nf6 4. Bg5 dxe4 5. Nxe4 Be7 6. Bxf6 Bxf6 7. Nf3 Nd7 8.
Nxf6+ Nxf6 9. Bb5+ Bd7 10. Qe2 O-O 11. O-O Bxb5 12. Qxb5 Qd6 13. Rfe1 a6 14.
Qe2 c5 15. dxc5 Qxc5 16. Rad1 1/2-1/2

[Event "17MCR_F"]
[Site "?"]
[Date "2005.??.??"]
[Round "?"]
[White "Lounek, Jan"]
[Black "Brousek, Jiri"]
[Result "1/2-1/2"]
[WhiteElo "2380"]
[BlackElo "2361"]
[PlyCount "61"]
[EventDate "2005.??.??"]
[EventType "corr"]
[SourceDate "2005.03.19"]

1. e4 e6 2. d4 d5 3. Nd2 Nf6 4. e5 Nfd7 5. c3 c5 6. Bd3 Nc6 7. Ne2 Qb6 8. Nf3
cxd4 9. cxd4 f6 10. exf6 Nxf6 11. O-O Bd6 12. Nc3 O-O 13. Be3 Bd7 14. a3 Kh8
15. Rc1 Rac8 16. b4 Qd8 17. h3 Be8 18. Ng5 Qe7 19. f4 a5 20. b5 Nd8 21. a4 Nf7
22. Qe1 Nxg5 23. fxg5 Nd7 24. Rxf8+ Nxf8 25. Ne2 Rxc1 26. Qxc1 Bh5 27. g4 Bf7
28. Qc8 Kg8 29. Kg2 b6 30. Bc2 Be8 31. Qa8 1/2-1/2

[Event "17MCR_F"]
[Site "?"]
[Date "2005.??.??"]
[Round "?"]
[White "Hala, Martin"]
[Black "Brousek, Jiri"]
[Result "1/2-1/2"]
[WhiteElo "2483"]
[BlackElo "2361"]
[PlyCount "43"]
[EventDate "2005.??.??"]
[EventType "corr"]
[SourceDate "2005.03.19"]

1. e4 e6 2. d4 d5 3. Nc3 Nf6 4. Bg5 dxe4 5. Nxe4 Be7 6. Bxf6 gxf6 7. Nf3 f5 8.
Nc3 Nd7 9. Qd2 Nf6 10. O-O-O a6 11. Be2 c5 12. Qf4 Bd6 13. Ne5 Qc7 14. Qh4 cxd4
15. Nc4 Be7 16. Qxd4 Bd7 17. Bf3 Rc8 18. Nd6+ Bxd6 19. Qxd6 Qxd6 20. Rxd6 Bc6
21. Bxc6+ Rxc6 22. Rd2 1/2-1/2

[Event "17MCR_F"]
[Site "?"]
[Date "2005.??.??"]
[Round "?"]
[White "Brousek, Jiri"]
[Black "Kostal, Jindrich"]
[Result "0-1"]
[WhiteElo "2361"]
[BlackElo "2405"]
[PlyCount "28"]
[EventDate "2005.??.??"]
[EventType "corr"]
[SourceDate "2005.03.19"]

1. d4 Nf6 2. Nf3 e6 3. e3 d5 4. Bd3 c5 5. b3 Nc6 6. O-O Bd6 7. dxc5 Bxc5 8. Bb2
Qe7 9. Nbd2 e5 10. c4 dxc4 11. Bxc4 Bg4 12. h3 Bf5 13. Qc2 O-O 14. Ne4 Bxe4 0-1

[Event "17MCR_F"]
[Site "?"]
[Date "2005.??.??"]
[Round "?"]
[White "Sykora, Josef"]
[Black "Soudny, Jiri"]
[Result "1/2-1/2"]
[WhiteElo "2394"]
[BlackElo "2326"]
[PlyCount "59"]
[EventDate "2005.??.??"]
[EventType "corr"]
[SourceDate "2005.03.19"]

1. d4 Nf6 2. c4 e6 3. Nf3 b6 4. g3 Ba6 5. b3 Bb4+ 6. Bd2 Be7 7. Bg2 c6 8. Bc3
d5 9. Nbd2 Nbd7 10. O-O O-O 11. Re1 c5 12. e4 dxe4 13. Nxe4 Bb7 14. Nfg5 cxd4
15. Bxd4 Qc7 16. Nxf6+ Bxf6 17. Bxb7 Qxb7 18. Ne4 Bxd4 19. Qxd4 Rad8 20. Rad1
Qa8 21. Qc3 Nb8 22. Qf3 Na6 23. Rxd8 Rxd8 24. Rd1 h6 25. Rd7 f5 26. g4 Nc5 27.
Rxd8+ Qxd8 28. gxf5 Nxe4 29. Qxe4 Qg5+ 30. Kf1 1/2-1/2

[Event "17MCR_F"]
[Site "?"]
[Date "2005.??.??"]
[Round "?"]
[White "Priesol, Daniel"]
[Black "Brousek, Jiri"]
[Result "1/2-1/2"]
[WhiteElo "2318"]
[BlackElo "2361"]
[PlyCount "45"]
[EventDate "2005.??.??"]
[EventType "corr"]
[SourceDate "2005.03.19"]

1. e4 e6 2. d4 d5 3. Nc3 Nf6 4. Bg5 dxe4 5. Nxe4 Be7 6. Bxf6 gxf6 7. Nf3 f5 8.
Nc3 Nd7 9. Qd2 Nf6 10. O-O-O Bb4 11. Qd3 c6 12. Ne5 Bd7 13. g3 Qa5 14. Nc4 Qc7
15. a3 Be7 16. Ne5 Rf8 17. Bg2 O-O-O 18. Qe3 Nd5 19. Nxd5 cxd5 20. Rd3 Kb8 21.
Rc3 Qb6 22. Nxd7+ Rxd7 23. Rd1 1/2-1/2

[Event "17MCR_F"]
[Site "?"]
[Date "2005.??.??"]
[Round "?"]
[White "Sochor, Frantisek"]
[Black "Brousek, Jiri"]
[Result "1-0"]
[WhiteElo "2308"]
[BlackElo "2361"]
[PlyCount "127"]
[EventDate "2005.??.??"]
[EventType "corr"]
[SourceDate "2005.03.19"]

1. e4 e6 2. d4 d5 3. Nc3 Nf6 4. Bg5 dxe4 5. Nxe4 Be7 6. Bxf6 gxf6 7. Nf3 f5 8.
Nc3 Nd7 9. Qd2 Nf6 10. O-O-O Bb4 11. Qd3 Bd7 12. Ne5 Qe7 13. Be2 O-O-O 14. Qc4
Rhg8 15. Nxf7 Rdf8 16. Ne5 Bxc3 17. Qxc3 Rxg2 18. Bf3 Rxf2 19. Qe3 Ne4 20. Nd3
Rxf3 21. Qxf3 Qg5+ 22. Nf4 c5 23. c3 Ba4 24. Rdg1 Qe7 25. Qe3 Bc6 26. Rd1 Rd8
27. Rhg1 Ba4 28. Rde1 cxd4 29. cxd4 e5 30. dxe5 Qxe5 31. Qc3+ Qxc3+ 32. bxc3
Rd7 33. Ne6 b6 34. Rg8+ Kb7 35. Rg7 Rxg7 36. Nxg7 Bd7 37. Rf1 Nxc3 38. Kb2 Ne4
39. Nxf5 Kc6 40. Ng7 Kd6 41. Rf7 Ng5 42. Nf5+ Kc7 43. Rg7 Nf3 44. h4 Kd8 45.
Nh6 Nxh4 46. Nf7+ Kc8 47. Ne5 Be6 48. Rxh7 Nf5 49. Rxa7 Nd6 50. Re7 Bd5 51. a3
Nb5 52. Rg7 Kb8 53. Nd7+ Kb7 54. Nf6+ Kc6 55. Nxd5 Kxd5 56. a4 Nd6 57. Kc3 Ne4+
58. Kb4 Kc6 59. Rg6+ Nd6 60. Kc3 Kd5 61. Rg5+ Kc6 62. Kd4 Nb7 63. Rg6+ Kc7 64.
Kc4 1-0

[Event "17MCR_F"]
[Site "?"]
[Date "2005.??.??"]
[Round "?"]
[White "Bucek, Jiri"]
[Black "Pytlik, Lesek"]
[Result "1/2-1/2"]
[WhiteElo "2360"]
[BlackElo "295"]
[PlyCount "49"]
[EventDate "2005.??.??"]
[EventType "corr"]
[SourceDate "2005.03.19"]

1. d4 d5 2. c4 c6 3. Nf3 Nf6 4. Nc3 e6 5. e3 Nbd7 6. Bd3 dxc4 7. Bxc4 b5 8. Bd3
Bb7 9. e4 b4 10. Na4 c5 11. e5 Nd5 12. dxc5 Nxc5 13. Nxc5 Bxc5 14. O-O h6 15.
Nd2 Ne7 16. Ne4 Bxe4 17. Bxe4 Qxd1 18. Rxd1 Rd8 19. Bf4 O-O 20. Kf1 Rd4 21. Be3
Rxd1+ 22. Rxd1 Bxe3 23. fxe3 Ng6 24. Bxg6 fxg6+ 25. Ke2 1/2-1/2

[Event "17MCR_F"]
[Site "?"]
[Date "2005.??.??"]
[Round "?"]
[White "Pravec, Ladislav"]
[Black "Bucek, Jiri"]
[Result "1/2-1/2"]
[WhiteElo "2381"]
[BlackElo "2360"]
[PlyCount "52"]
[EventDate "2005.??.??"]
[EventType "corr"]
[SourceDate "2005.03.19"]

1. d4 d5 2. c4 c6 3. Nf3 Nf6 4. Nc3 e6 5. e3 Nbd7 6. Bd3 dxc4 7. Bxc4 b5 8. Bd3
Bb7 9. e4 b4 10. Na4 c5 11. e5 Nd5 12. dxc5 Nxc5 13. Nxc5 Bxc5 14. O-O h6 15.
Nd2 Ne7 16. Ne4 Bxe4 17. Bxe4 Qxd1 18. Rxd1 Rd8 19. Bf4 O-O 20. Kf1 Rd4 21. Be3
Rxd1+ 22. Rxd1 Bxe3 23. fxe3 Ng6 24. Bxg6 fxg6+ 25. Ke2 Rc8 26. a3 b3 1/2-1/2

[Event "17MCR_F"]
[Site "?"]
[Date "2005.??.??"]
[Round "?"]
[White "Sochor, Frantisek"]
[Black "Laurenc, Petr"]
[Result "1/2-1/2"]
[WhiteElo "2308"]
[BlackElo "2484"]
[PlyCount "53"]
[EventDate "2005.??.??"]
[EventType "corr"]
[SourceDate "2005.03.19"]

1. e4 d6 2. d4 Nf6 3. Nc3 g6 4. f4 Bg7 5. Nf3 O-O 6. Bd3 Na6 7. O-O c5 8. d5
Bg4 9. Bc4 Nc7 10. h3 Bxf3 11. Qxf3 e6 12. dxe6 fxe6 13. Be3 Nd7 14. Be2 Qe7
15. Rad1 Nb6 16. Qg3 d5 17. f5 d4 18. Bg5 Bf6 19. Bxf6 Rxf6 20. Nb5 Nxb5 21.
Bxb5 e5 22. fxg6 Rxg6 23. Qb3+ Qe6 24. Qxe6+ Rxe6 25. b3 c4 26. Rf5 Rc8 27.
Rdf1 1/2-1/2

[Event "17MCR_F"]
[Site "?"]
[Date "2005.??.??"]
[Round "?"]
[White "Pravec, Ladislav"]
[Black "Pytlik, Lesek"]
[Result "1/2-1/2"]
[WhiteElo "2381"]
[BlackElo "2367"]
[PlyCount "56"]
[EventDate "2005.??.??"]
[EventType "corr"]
[SourceDate "2005.03.19"]

1. d4 d5 2. c4 c6 3. Nf3 Nf6 4. Nc3 e6 5. e3 Nbd7 6. Bd3 dxc4 7. Bxc4 b5 8. Bd3
Bb7 9. e4 b4 10. Na4 c5 11. e5 Nd5 12. dxc5 Nxc5 13. Nxc5 Bxc5 14. O-O h6 15.
Nd2 Qc7 16. Re1 Rd8 17. Qg4 Ne7 18. Qg3 a5 19. a3 bxa3 20. bxa3 Bd4 21. Ra2 Qc3
22. Bb5+ Bc6 23. Qxc3 Bxc3 24. Bxc6+ Nxc6 25. Rc2 Bxd2 26. Bxd2 O-O 27. Rxc6
Rxd2 28. Rc5 Ra8 1/2-1/2

[Event "17MCR_F"]
[Site "?"]
[Date "2005.??.??"]
[Round "?"]
[White "Pravec, Ladislav"]
[Black "Nejtek, Jiri"]
[Result "1/2-1/2"]
[WhiteElo "2381"]
[BlackElo "2326"]
[PlyCount "46"]
[EventDate "2005.??.??"]
[EventType "corr"]
[SourceDate "2005.03.19"]

1. d4 d5 2. c4 c6 3. Nf3 e6 4. Qc2 dxc4 5. Qxc4 Nf6 6. Bg5 b5 7. Qc2 Bb7 8.
Nbd2 Nbd7 9. e4 a6 10. a4 h6 11. Bxf6 Qxf6 12. e5 Qd8 13. Bd3 Be7 14. O-O O-O
15. Ne4 c5 16. axb5 axb5 17. dxc5 Rxa1 18. Rxa1 Bxe4 19. Bxe4 Nxc5 20. Bh7+ Kh8
21. b4 Na4 22. Bd3 Qc8 23. Qb3 Nc3 1/2-1/2

[Event "17MCR_F"]
[Site "?"]
[Date "2005.??.??"]
[Round "?"]
[White "Pytlik, Lesek"]
[Black "Soudny, Jiri"]
[Result "1/2-1/2"]
[WhiteElo "2367"]
[BlackElo "2326"]
[PlyCount "48"]
[EventDate "2005.??.??"]
[EventType "corr"]
[SourceDate "2005.03.19"]

1. e4 e6 2. d4 d5 3. Nd2 Nf6 4. e5 Nfd7 5. Bd3 c5 6. c3 Nc6 7. Ne2 cxd4 8. cxd4
f6 9. exf6 Nxf6 10. O-O Bd6 11. Nf3 O-O 12. Bf4 Bxf4 13. Nxf4 Ng4 14. Qd2 Qd6
15. g3 Bd7 16. Rad1 Rae8 17. Bc2 a6 18. Ng5 g6 19. a3 Nf6 20. Bb1 e5 21. dxe5
Rxe5 22. Nxh7 Kxh7 23. Nxg6 Kg7 24. Nxf8 Qxf8 1/2-1/2

[Event "17MCR_F"]
[Site "?"]
[Date "2005.??.??"]
[Round "?"]
[White "Bucek, Jiri"]
[Black "Priesol, Daniel"]
[Result "1/2-1/2"]
[WhiteElo "2360"]
[BlackElo "2318"]
[PlyCount "28"]
[EventDate "2005.??.??"]
[EventType "corr"]
[SourceDate "2005.03.19"]

1. e4 e5 2. Nf3 Nf6 3. Nxe5 d6 4. Nf3 Nxe4 5. d3 Nf6 6. d4 Be7 7. Bd3 O-O 8. h3
Re8 9. O-O Nc6 10. c3 h6 11. Bf4 d5 12. Re1 Bd6 13. Rxe8+ Nxe8 14. Bxd6 Nxd6
1/2-1/2

[Event "17MCR_F"]
[Site "?"]
[Date "2005.??.??"]
[Round "?"]
[White "Sykora, Josef"]
[Black "Boukal, Petr"]
[Result "1/2-1/2"]
[WhiteElo "2394"]
[BlackElo "2417"]
[PlyCount "39"]
[EventDate "2005.??.??"]
[EventType "corr"]
[SourceDate "2005.03.19"]

1. Nf3 Nf6 2. c4 g6 3. g3 Bg7 4. Bg2 O-O 5. Nc3 d6 6. d3 e5 7. O-O Nc6 8. Rb1
h6 9. b4 Be6 10. b5 Ne7 11. a4 c5 12. bxc6 bxc6 13. Qc2 Qc7 14. Ba3 Rab8 15.
Nd2 Rfd8 16. e3 Ne8 17. Ne2 Qd7 18. Rxb8 Rxb8 19. Rb1 Rxb1+ 20. Qxb1 1/2-1/2

[Event "17MCR_F"]
[Site "?"]
[Date "2005.??.??"]
[Round "?"]
[White "Hala, Martin"]
[Black "Pravec, Ladislav"]
[Result "1/2-1/2"]
[WhiteElo "2383"]
[BlackElo "2381"]
[PlyCount "43"]
[EventDate "2005.??.??"]
[EventType "corr"]
[SourceDate "2005.03.19"]

1. e4 c5 2. Nf3 Nc6 3. Nc3 e5 4. Bc4 Be7 5. d3 d6 6. Nd2 Nf6 7. Nf1 Nd7 8. Nd5
Nb6 9. Nxb6 axb6 10. c3 O-O 11. Ne3 Bg5 12. O-O Bxe3 13. Bxe3 Qe7 14. f4 exf4
15. Bxf4 Be6 16. Bd5 Qd7 17. a3 Bxd5 18. exd5 Ne7 19. Qf3 Ng6 20. Rae1 Nxf4 21.
Qxf4 Rae8 22. c4 1/2-1/2

[Event "17MCR_F"]
[Site "?"]
[Date "2005.??.??"]
[Round "?"]
[White "Priesol, Daniel"]
[Black "Hybl, Vladislav"]
[Result "1/2-1/2"]
[WhiteElo "2318"]
[BlackElo "2309"]
[PlyCount "30"]
[EventDate "2005.??.??"]
[EventType "corr"]
[SourceDate "2005.03.19"]

1. e4 e6 2. d4 d5 3. Nc3 Nf6 4. Bg5 dxe4 5. Nxe4 Be7 6. Bxf6 Bxf6 7. Nf3 O-O 8.
c3 Nd7 9. Qc2 e5 10. O-O-O exd4 11. Nxd4 Qe7 12. Bd3 h6 13. Nxf6+ Qxf6 14. Rhe1
Nc5 15. Bf5 Bxf5 1/2-1/2

[Event "17MCR_F"]
[Site "?"]
[Date "2005.??.??"]
[Round "?"]
[White "Brousek, Jiri"]
[Black "Bucek, Jiri"]
[Result "1/2-1/2"]
[WhiteElo "2361"]
[BlackElo "2361"]
[PlyCount "44"]
[EventDate "2005.??.??"]
[EventType "corr"]
[SourceDate "2005.03.19"]

1. d4 Nf6 2. Nf3 g6 3. Nc3 Bg7 4. e4 d6 5. Be3 O-O 6. Qd2 e5 7. dxe5 dxe5 8.
Qxd8 Rxd8 9. Bc4 Nc6 10. O-O h6 11. h3 Ne8 12. Bc5 Nd4 13. Nxd4 exd4 14. Nd5
Be6 15. Bb3 c6 16. Nf4 Bxb3 17. axb3 b6 18. Bb4 c5 19. Bd2 Nc7 20. f3 a5 21.
Nd3 Re8 22. g3 Kh7 1/2-1/2

[Event "17MCR_F"]
[Site "?"]
[Date "2005.??.??"]
[Round "?"]
[White "Vozda, Jindrich"]
[Black "Brousek, Jiri"]
[Result "1-0"]
[WhiteElo "2494"]
[BlackElo "2361"]
[PlyCount "74"]
[EventDate "2005.??.??"]
[EventType "corr"]
[SourceDate "2005.03.19"]

1. e4 e6 2. d4 d5 3. Nc3 Bb4 4. e5 c5 5. a3 Bxc3+ 6. bxc3 Ne7 7. a4 Qa5 8. Bd2
Nbc6 9. Nf3 Bd7 10. Be2 O-O 11. O-O Qc7 12. Bc1 b6 13. Re1 Rac8 14. Ba6 Rcd8
15. Bd3 h6 16. Nh4 f5 17. Qd2 Na5 18. Qe3 Nc4 19. Qg3 Kh7 20. Qh3 Bc8 21. g4
Kg8 22. g5 Kf7 23. gxh6 gxh6 24. Ng2 Rg8 25. Kh1 Ng6 26. Rg1 Ke8 27. Nf4 Qf7
28. Nh5 Kd7 29. Nf6+ Kc7 30. Qxh6 Ba6 31. Rg2 Ne7 32. Nxg8 Rxg8 33. Qf6 Qxf6
34. exf6 Rxg2 35. Kxg2 Ng6 36. Kg3 Kd7 37. h4 Nh8 1-0

[Event "17MCR_F"]
[Site "?"]
[Date "2005.??.??"]
[Round "?"]
[White "Priesol, Daniel"]
[Black "Kostal, Jindrich"]
[Result "1-0"]
[WhiteElo "2304"]
[BlackElo "2405"]
[PlyCount "45"]
[EventDate "2005.??.??"]
[EventType "corr"]
[SourceDate "2005.03.19"]

1. e4 e5 2. Nf3 Nc6 3. d4 exd4 4. Nxd4 Bc5 5. Be3 Qf6 6. c3 Nge7 7. Bc4 Ne5 8.
Be2 d5 9. O-O O-O 10. f4 N5c6 11. e5 Qh4 12. g3 Qh3 13. Bf2 Nxd4 14. Bxd4 Bxd4+
15. Qxd4 Nf5 16. Qf2 f6 17. Bf3 c6 18. exf6 Rxf6 19. Re1 Nd6 20. Nd2 Bg4 21.
Qg2 Qh5 22. Re5 Qxe5 23. fxe5 1-0

[Event "17MCR_F"]
[Site "?"]
[Date "2005.??.??"]
[Round "?"]
[White "Bucek, Jiri"]
[Black "Nejtek, Jiri"]
[Result "1-0"]
[WhiteElo "2360"]
[BlackElo "2326"]
[PlyCount "73"]
[EventDate "2005.??.??"]
[EventType "corr"]
[SourceDate "2005.03.19"]

1. e4 e5 2. Nf3 Nc6 3. Bb5 a6 4. Ba4 Nf6 5. O-O Be7 6. Re1 b5 7. Bb3 d6 8. c3
O-O 9. h3 Bb7 10. d4 Re8 11. Nbd2 Bf8 12. d5 Nb8 13. Nf1 Nbd7 14. Ng3 Nc5 15.
Bc2 c6 16. b4 Ncd7 17. dxc6 Bxc6 18. Bb3 Nb6 19. Nh2 d5 20. Bg5 dxe4 21. Qe2
Qd3 22. Bxf6 Qxe2 23. Rxe2 gxf6 24. Ng4 Kg7 25. Nh5+ Kg6 26. Ngxf6 Red8 27. Bc2
Rac8 28. g4 Nc4 29. Nxe4 Na3 30. Bb3 Nc4 31. Bxc4 bxc4 32. f4 f5 33. Neg3 fxg4
34. hxg4 Rd3 35. Rxe5 Rxc3 36. Rf5 h6 37. Re1 1-0

[Event "17MCR_F"]
[Site "?"]
[Date "2005.??.??"]
[Round "?"]
[White "Boukal, Petr"]
[Black "Soudny, Jiri"]
[Result "1/2-1/2"]
[WhiteElo "2417"]
[BlackElo "2326"]
[PlyCount "38"]
[EventDate "2005.??.??"]
[EventType "corr"]
[SourceDate "2005.03.19"]

1. e4 e6 2. d4 d5 3. Nc3 Nf6 4. Bg5 dxe4 5. Nxe4 Be7 6. Bxf6 Bxf6 7. Nf3 O-O 8.
Qd2 Nd7 9. O-O-O Be7 10. Bd3 b6 11. Neg5 Bxg5 12. Nxg5 Nf6 13. Qf4 Bb7 14. f3
Qd7 15. Kb1 Rad8 16. c3 b5 17. Qe5 h6 18. Ne4 Nxe4 19. Bxe4 Bd5 1/2-1/2

[Event "17MCR_F"]
[Site "?"]
[Date "2005.??.??"]
[Round "?"]
[White "Sochor, Frantisek"]
[Black "Pravec, Ladislav"]
[Result "1/2-1/2"]
[WhiteElo "2308"]
[BlackElo "2381"]
[PlyCount "61"]
[EventDate "2005.??.??"]
[EventType "corr"]
[SourceDate "2005.03.19"]

1. e4 c5 2. Nf3 Nc6 3. d4 cxd4 4. Nxd4 Nf6 5. Nc3 e6 6. Ndb5 d6 7. Bf4 e5 8.
Be3 a6 9. Na3 Rb8 10. Nd5 Nxd5 11. exd5 Ne7 12. c3 Nf5 13. Bd2 Be7 14. Bd3 Bg5
15. O-O O-O 16. Bxf5 Bxf5 17. Bxg5 Qxg5 18. Nc4 Qg6 19. Nb6 Rbd8 20. Re1 Rfe8
21. Qe2 Re7 22. b4 Bd3 23. Qe3 e4 24. c4 f5 25. c5 Rc7 26. Qf4 Qf6 27. Rac1 h6
28. a3 Qb2 29. Nc4 Bxc4 30. Rxc4 Qa2 31. Rd4 1/2-1/2

[Event "17MCR_F"]
[Site "?"]
[Date "2005.??.??"]
[Round "?"]
[White "Sochor, Frantisek"]
[Black "Priesol, Daniel"]
[Result "1-0"]
[WhiteElo "2308"]
[BlackElo "2318"]
[PlyCount "57"]
[EventDate "2005.??.??"]
[EventType "corr"]
[SourceDate "2005.03.19"]

1. c4 Nf6 2. Nf3 g6 3. Nc3 Bg7 4. e4 d6 5. d4 O-O 6. Be2 e5 7. O-O Nbd7 8. Be3
exd4 9. Nxd4 Re8 10. f3 c6 11. Qd2 d5 12. cxd5 cxd5 13. Ndb5 dxe4 14. fxe4 a6
15. Nd6 Re7 16. Rad1 Ne5 17. Bg5 Re6 18. Nd5 Qxd6 19. Bxf6 Qf8 20. Bxg7 Qc5+
21. Kh1 Kxg7 22. Rc1 Qd6 23. Qf4 Bd7 24. Nc7 Rc8 25. Nxe6+ Qxe6 26. Rxc8 Bxc8
27. Bd1 Qe7 28. Bb3 f6 29. Rc1 1-0

[Event "17MCR_F"]
[Site "?"]
[Date "2005.??.??"]
[Round "?"]
[White "Kostal, Jindrich"]
[Black "Laurenc, Petr"]
[Result "0-1"]
[WhiteElo "2405"]
[BlackElo "2484"]
[PlyCount "52"]
[EventDate "2005.??.??"]
[EventType "corr"]
[SourceDate "2005.03.19"]

1. e4 e5 2. Nf3 Nc6 3. Bb5 a6 4. Ba4 Nf6 5. O-O Be7 6. Re1 b5 7. Bb3 d6 8. c3
O-O 9. h3 Na5 10. Bc2 c5 11. d4 Qc7 12. Nbd2 cxd4 13. cxd4 Nc6 14. Nb3 a5 15.
Be3 a4 16. Nbd2 Bd7 17. a3 Rfc8 18. Bd3 Qb7 19. b4 exd4 20. Nxd4 Ne5 21. Qe2 d5
22. Bg5 h6 23. exd5 Nxd3 24. Qxd3 Qxd5 25. Rxe7 hxg5 26. Qb3 axb3 0-1

[Event "17MCR_F"]
[Site "?"]
[Date "2005.??.??"]
[Round "?"]
[White "Hala, Martin"]
[Black "Soudny, Jiri"]
[Result "0-1"]
[WhiteElo "2383"]
[BlackElo "2326"]
[PlyCount "46"]
[EventDate "2005.??.??"]
[EventType "corr"]
[SourceDate "2005.03.19"]

1. e4 e6 2. d4 d5 3. Nc3 Nf6 4. Bg5 dxe4 5. Nxe4 Be7 6. Bxf6 Bxf6 7. Nf3 O-O 8.
Qd2 Nd7 9. O-O-O Be7 10. Bd3 b6 11. h4 Bb7 12. Rh3 c5 13. Rg3 Qc7 14. dxc5 Rfd8
15. Re1 bxc5 16. Neg5 Bd6 17. Bxh7+ Kf8 18. Nxe6+ fxe6 19. Ng5 Re8 20. Rg4 Bd5
21. Bg6 Nf6 22. Ra4 Re7 23. h5 c4 0-1

[Event "17MCR_F"]
[Site "?"]
[Date "2005.??.??"]
[Round "?"]
[White "Lounek, Jan"]
[Black "Soudny, Jiri"]
[Result "1/2-1/2"]
[WhiteElo "2380"]
[BlackElo "2326"]
[PlyCount "61"]
[EventDate "2005.??.??"]
[EventType "corr"]
[SourceDate "2005.03.19"]

1. e4 e6 2. d4 d5 3. Nd2 Nf6 4. e5 Nfd7 5. c3 c5 6. Bd3 Nc6 7. Ne2 cxd4 8. cxd4
f6 9. exf6 Nxf6 10. Nf3 Bd6 11. O-O O-O 12. Bf4 Bxf4 13. Nxf4 Ng4 14. Qd2 Qd6
15. g3 Bd7 16. Rad1 Rae8 17. Bc2 a6 18. Ng5 g6 19. Nf3 Nf6 20. Rfe1 Nh5 21.
Nxg6 hxg6 22. Bxg6 Rxf3 23. Bxh5 Rf5 24. Bxe8 Bxe8 25. Kg2 Rf6 26. Qg5+ Rg6 27.
Qe3 Qf8 28. f3 Qf6 29. a3 Bf7 30. b4 Rg5 31. f4 1/2-1/2

[Event "17MCR_F"]
[Site "?"]
[Date "2005.??.??"]
[Round "?"]
[White "Bucek, Jiri"]
[Black "Sochor, Frantisek"]
[Result "1/2-1/2"]
[WhiteElo "2326"]
[BlackElo "2308"]
[PlyCount "79"]
[EventDate "2005.??.??"]
[EventType "corr"]
[SourceDate "2005.03.19"]

1. e4 c5 2. Nf3 d6 3. d4 cxd4 4. Nxd4 Nf6 5. Nc3 a6 6. Be3 e6 7. f3 b5 8. Qd2
Nbd7 9. g4 Nb6 10. a4 Nc4 11. Bxc4 bxc4 12. g5 Nd7 13. f4 Bb7 14. f5 Nc5 15.
fxe6 fxe6 16. Qg2 g6 17. O-O-O Bg7 18. Qg4 Qd7 19. Nde2 Qe7 20. Rhf1 Nd7 21. h4
O-O-O 22. Bd4 Be5 23. Bxe5 Nxe5 24. Qg1 h6 25. Kb1 hxg5 26. hxg5 Rhf8 27. Rxf8
Rxf8 28. Qd4 Kb8 29. a5 Nf3 30. Qb6 Qc7 31. Rxd6 Qxb6 32. Rxb6 Nxg5 33. Nd4 Kc8
34. Nxe6 Rf1+ 35. Ka2 Nxe4 36. Nxe4 Bxe4 37. Nd4 Rd1 38. c3 g5 39. Rxa6 g4 40.
Re6 1/2-1/2

[Event "17MCR_F"]
[Site "?"]
[Date "2005.??.??"]
[Round "?"]
[White "Bucek, Jiri"]
[Black "Hala, Martin"]
[Result "1/2-1/2"]
[WhiteElo "2326"]
[BlackElo "2383"]
[PlyCount "47"]
[EventDate "2005.??.??"]
[EventType "corr"]
[SourceDate "2005.03.19"]

1. d4 Nf6 2. Nf3 g6 3. Nc3 Bg7 4. e4 d6 5. Be3 O-O 6. Qd2 e5 7. dxe5 dxe5 8.
Qxd8 Rxd8 9. Bc4 Nc6 10. O-O h6 11. h3 Ne8 12. Bc5 Nd4 13. Nxd4 exd4 14. Nd5
Be6 15. Bb3 c6 16. Nf4 Bxb3 17. axb3 b6 18. Bb4 Nd6 19. Bxd6 Rxd6 20. Ra6 Re8
21. f3 Rd7 22. Nd3 f5 23. exf5 gxf5 24. Kf2 1/2-1/2

[Event "17MCR_F"]
[Site "?"]
[Date "2005.??.??"]
[Round "?"]
[White "Nejtek, Jiri"]
[Black "Priesol, Daniel"]
[Result "1/2-1/2"]
[WhiteElo "2349"]
[BlackElo "2318"]
[PlyCount "67"]
[EventDate "2005.??.??"]
[EventType "corr"]
[SourceDate "2005.03.19"]

1. e4 e5 2. Nf3 Nf6 3. Nxe5 d6 4. Nf3 Nxe4 5. d4 d5 6. Bd3 Bd6 7. O-O O-O 8. c4
c6 9. Qc2 Na6 10. a3 Re8 11. Nc3 Bg4 12. Nxe4 dxe4 13. Bxe4 Bxf3 14. Bxf3 Qh4
15. g3 Qxd4 16. Be3 Qf6 17. Be4 g6 18. b4 Nc7 19. Rad1 a5 20. b5 Bxa3 21. bxc6
bxc6 22. Bd4 Qe6 23. Ba1 Bb4 24. Qb2 f6 25. Bg2 Rf8 26. Rd3 Qxc4 27. Rd7 Nb5
28. Rc1 Bc3 29. Rxc3 Nxc3 30. Qxc3 Qxc3 31. Bxc3 Rfd8 32. Rc7 Rdc8 33. Rxc8+
Rxc8 34. Bxa5 1/2-1/2

[Event "17MCR_F"]
[Site "?"]
[Date "2005.??.??"]
[Round "?"]
[White "Hala, Martin"]
[Black "Sochor, Frantisek"]
[Result "1/2-1/2"]
[WhiteElo "2383"]
[BlackElo "2308"]
[PlyCount "68"]
[EventDate "2005.??.??"]
[EventType "corr"]
[SourceDate "2005.03.19"]

1. e4 c5 2. Nf3 d6 3. d4 cxd4 4. Nxd4 Nf6 5. Nc3 a6 6. Bg5 e6 7. f4 Qb6 8. Qd2
Qxb2 9. Nb3 Qa3 10. Bxf6 gxf6 11. Be2 Nc6 12. O-O Bd7 13. Kh1 Rc8 14. Nd1 Qa4
15. Bd3 Ne7 16. Na5 b6 17. Nc4 Qc6 18. Rb1 b5 19. Na5 Qc5 20. c4 Bg7 21. cxb5
axb5 22. Bxb5 Bxb5 23. Nb7 Bxf1 24. Nxc5 dxc5 25. Qd6 Rd8 26. Rb8 Rxb8 27.
Qxb8+ Kd7 28. Qb7+ Kd6 29. Nc3 Bd3 30. a4 Rc8 31. Nb5+ Bxb5 32. axb5 c4 33.
Qa6+ Kc5 34. Qa3+ Kxb5 1/2-1/2

[Event "17MCR_F"]
[Site "?"]
[Date "2005.??.??"]
[Round "?"]
[White "Hybl, Vladislav"]
[Black "Nejtek, Jiri"]
[Result "1/2-1/2"]
[WhiteElo "2305"]
[BlackElo "2345"]
[PlyCount "50"]
[EventDate "2005.??.??"]
[EventType "corr"]
[SourceDate "2005.03.19"]

1. e4 e5 2. Nf3 Nc6 3. Bb5 Nf6 4. O-O Nxe4 5. d4 Nd6 6. Bxc6 dxc6 7. dxe5 Nf5
8. Qxd8+ Kxd8 9. Nc3 Ne7 10. b3 Bg4 11. Ng5 Ke8 12. Bb2 Nd5 13. h3 Bf5 14. g4
Bg6 15. Nxd5 cxd5 16. f4 h6 17. f5 hxg5 18. fxg6 fxg6 19. Kg2 Ke7 20. e6 Kxe6
21. Rae1+ Kd7 22. Rf7+ Kc6 23. Bxg7 Bxg7 24. Re6+ Kc5 25. Rxg7 Rae8 1/2-1/2